[Event "CZE-chT2D 1617"]
[Site "Czech Republic"]
[Date "2016.11.27"]
[Round "4.8"]
[White "Krusina, Patrik"]
[Black "Seidl, Zdenek"]
[Result "1-0"]
[WhiteElo "1874"]
[BlackElo "1862"]
[PlyCount "73"]
[EventDate "2016.10.09"]
[EventType "team-tourn"]
[EventRounds "11"]
[EventCountry "CZE"]
[SourceTitle "EXT 2022"]
[Source "ChessBase"]
[SourceDate "2021.10.06"]
[SourceVersion "1"]
[SourceVersionDate "2021.10.06"]
[SourceQuality "1"]
[WhiteTeam "Lanskroun"]
[BlackTeam "Pardubice Rapid II"]
[WhiteTeamCountry "CZE"]
[BlackTeamCountry "CZE"]

1. e4 e6 2. d4 d5 3. Nc3 Bb4 4. e5 c5 5. a3 cxd4 6. Qxd4 Nc6 7. Bb5 Bxc3+ 8. Qxc3 Bd7 9. Bxc6 Bxc6 10. Qg3 Ne7 11. Nf3 Nf5 12. Qf4 Bb5 13. Nd4 Nxd4 14. Qxd4 Qc7 15. c3 0-0 16. h4 Rac8 17. Be3 b6 18. Rh3 f5 19. 0-0-0 Qf7 20. Qd2 Qc7 21. Qd4 Qd7 22. f4 Rc4 23. Qd2 Ba4 24. Rg1 Qb5 25. Bd4 Qb3 26. Kb1 Qb5 27. g4 Qe8 28. Rhg3 Rc7 29. Qg2 Qf7 30. Ka1 fxg4 31. Rxg4 g6 32. h5 Be8 33. hxg6 hxg6 34. Bf2 Rc4 35. Qh2 Qh7 36. Rh4 Qg7 37. Rh1 1-0

[Event "CZE-chT rap"]
[Site "Pardubice"]
[Date "2014.07.10"]
[Round "1.2"]
[White "Krusina, Patrik"]
[Black "Cech, Pavel"]
[Result "0-1"]
[WhiteElo "1910"]
[BlackElo "2426"]
[PlyCount "110"]
[EventDate "2014.07.10"]
[EventType "team-swiss"]
[EventRounds "7"]
[EventCountry "CZE"]
[SourceTitle "CBM 161 Extra"]
[Source "ChessBase"]
[SourceDate "2014.08.29"]
[SourceVersion "1"]
[SourceVersionDate "2014.08.29"]
[SourceQuality "1"]

1. e4 Nf6 2. Nc3 d6 3. d4 c6 4. Bd3 e5 5. Nge2 Be7 6. 0-0 0-0 7. h3 b5 8. a3 Nbd7 9. Be3 Bb7 10. f4 a6 11. g4 exd4 12. Nxd4 c5 13. Nf5 c4 14. g5 cxd3 15. gxf6 Nxf6 16. cxd3 Re8 17. Kh2 Bf8 18. Rg1 g6 19. Bd4 Bc8 20. Ne3 Bg7 21. Bxf6 Qxf6 22. Ned5 Qh4 23. Qf3 Ra7 24. Rac1 f5 25. Qg3 Qxg3+ 26. Rxg3 Rf7 27. Re3 Bd4 28. Re2 Bb7 29. Rce1 fxe4 30. Rxe4 Rxe4 31. dxe4 Bxc3 32. bxc3 Bxd5 33. exd5 Rf5 34. Re8+ Kf7 35. Ra8 Rxd5 36. Rxa6 Ke6 37. Ra7 Rd2+ 38. Kg1 h6 39. Rh7 h5 40. Rg7 Kf6 41. Rb7 Kf5 42. Rf7+ Ke6 43. Rg7 Kf6 44. Rb7 Rd3 45. Rxb5 Rxh3 46. Rd5 Ke6 47. Rg5 Kf6 48. Rd5 Rxc3 49. Rxd6+ Kf5 50. Kf2 Rxa3 51. Rb6 Rh3 52. Ra6 Rh4 53. Kg3 Rg4+ 54. Kh3 Rxf4 55. Ra5+ Kf6 0-1

[Event "Kouty nad Desnou op-A"]
[Site "Kouty nad Desnou"]
[Date "2012.03.16"]
[Round "8"]
[White "Dobes, Vojtech"]
[Black "Krusina, Patrik"]
[Result "0-1"]
[WhiteElo "2055"]
[BlackElo "1826"]
[PlyCount "62"]
[EventDate "2012.03.10"]
[EventType "swiss"]
[EventRounds "9"]
[EventCountry "CZE"]
[SourceTitle "EXT 2013"]
[Source "ChessBase"]
[SourceDate "2012.11.22"]
[SourceVersion "1"]
[SourceVersionDate "2012.11.22"]
[SourceQuality "1"]

1. e4 e6 2. d4 d5 3. Nd2 dxe4 4. Nxe4 Bd7 5. Nf3 Bc6 6. Bd3 Nd7 7. 0-0 Ngf6 8. Ng3 Be7 9. Ne5 Nxe5 10. dxe5 Qd5 11. f3 Ng4 12. Qe2 Qd4+ 13. Kh1 Nxh2 14. Kxh2 Qh4+ 15. Kg1 Qxg3 16. Be4 Bc5+ 17. Be3 Qxe5 18. Bxc5 Qxc5+ 19. Kh1 Bb5 20. Bd3 Bxd3 21. Qxd3 Rd8 22. Qe4 Rd5 23. g3 Rd2 24. Qh4 0-0 25. Rad1 Qxc2 26. Rc1 Qxb2 27. Rxc7 Rf2 28. Rfc1 Rxf3 29. Rc8 Rf1+ 30. Rxf1 Rxc8 31. Qe7 Rf8 0-1

[Event "Kouty nad Desnou op-A"]
[Site "Kouty nad Desnou"]
[Date "2012.03.14"]
[Round "6"]
[White "Stolc, Martin"]
[Black "Krusina, Patrik"]
[Result "0-1"]
[WhiteElo "2040"]
[BlackElo "1826"]
[PlyCount "58"]
[EventDate "2012.03.10"]
[EventType "swiss"]
[EventRounds "9"]
[EventCountry "CZE"]
[SourceTitle "EXT 2013"]
[Source "ChessBase"]
[SourceDate "2012.11.22"]
[SourceVersion "1"]
[SourceVersionDate "2012.11.22"]
[SourceQuality "1"]

1. d4 Nf6 2. g3 g6 3. Bg2 Bg7 4. e4 d6 5. Ne2 c5 6. dxc5 Qa5+ 7. c3 Qxc5 8. Be3 Qc7 9. Nd2 Ng4 10. Bg5 f6 11. Bf4 e5 12. h3 Nxf2 13. Kxf2 exf4 14. gxf4 0-0 15. Nb3 Kh8 16. Qd5 f5 17. Rhd1 Qb6+ 18. Kg3 Nc6 19. Rd3 fxe4 20. Bxe4 Ne5 21. Rd4 Nd7 22. Rb4 Qe3+ 23. Bf3 Nf6 24. Qd2 Nh5+ 25. Kg2 Bxh3+ 26. Kxh3 Qxf3+ 27. Kh2 Qf2+ 28. Kh3 Rfe8 29. Nbc1 Re3+ 0-1

[Event "Kouty nad Desnou op-A"]
[Site "Kouty nad Desnou"]
[Date "2012.03.13"]
[Round "5"]
[White "Krusina, Patrik"]
[Black "Dungl, Martin"]
[Result "1-0"]
[WhiteElo "1826"]
[BlackElo "1976"]
[PlyCount "79"]
[EventDate "2012.03.10"]
[EventType "swiss"]
[EventRounds "9"]
[EventCountry "CZE"]
[SourceTitle "EXT 2013"]
[Source "ChessBase"]
[SourceDate "2012.11.22"]
[SourceVersion "1"]
[SourceVersionDate "2012.11.22"]
[SourceQuality "1"]

1. e4 c5 2. Nf3 Nc6 3. d4 cxd4 4. Nxd4 Nf6 5. Nc3 e5 6. Ndb5 d6 7. Bg5 a6 8. Na3 b5 9. Nd5 Be7 10. Bxf6 Bxf6 11. c3 0-0 12. Be2 Bg5 13. Nc2 f5 14. exf5 Bxf5 15. a4 Ne7 16. 0-0 Be6 17. Ncb4 a5 18. Nxe7+ Qxe7 19. Nc6 Qc7 20. axb5 d5 21. Bg4 Bf7 22. Re1 Rfe8 23. Bh5 g6 24. Bf3 e4 25. Bg4 h5 26. Bh3 e3 27. fxe3 Bxe3+ 28. Kh1 Re4 29. Qd3 Rae8 30. Re2 d4 31. Rae1 Bd5 32. cxd4 Qf4 33. g3 Rxd4+ 34. Bg2 Rxd3 35. Bxd5+ Qf7 36. Bxf7+ Kxf7 37. Nxa5 Re7 38. Nc4 Bc5 39. Rxe7+ Bxe7 40. Ne5+ 1-0

[Event "Kouty nad Desnou op-A"]
[Site "Kouty nad Desnou"]
[Date "2012.03.12"]
[Round "4"]
[White "Hajek, Jaroslav"]
[Black "Krusina, Patrik"]
[Result "1-0"]
[WhiteElo "1950"]
[BlackElo "1826"]
[PlyCount "120"]
[EventDate "2012.03.10"]
[EventType "swiss"]
[EventRounds "9"]
[EventCountry "CZE"]
[SourceTitle "EXT 2013"]
[Source "ChessBase"]
[SourceDate "2012.11.22"]
[SourceVersion "1"]
[SourceVersionDate "2012.11.22"]
[SourceQuality "1"]

1. e4 e6 2. d4 d5 3. Nc3 dxe4 4. Nxe4 Nd7 5. Nf3 Ngf6 6. Nxf6+ Nxf6 7. Bd3 c5 8. c3 cxd4 9. cxd4 Bb4+ 10. Bd2 Bxd2+ 11. Qxd2 0-0 12. 0-0 b6 13. Rfe1 Bb7 14. Rad1 Qd6 15. Ne5 Qd5 16. Qg5 h6 17. Qg3 Nh5 18. Qg4 f5 19. Qf3 Qxf3 20. Nxf3 Bxf3 21. gxf3 Nf4 22. Bc4 Rfe8 23. Re5 Rad8 24. Rxf5 Ne2+ 25. Kg2 Rxd4 26. Rxd4 Nxd4 27. Rf4 Rd8 28. a3 Rd6 29. h4 g6 30. h5 gxh5 31. Rh4 Kg7 32. Rxh5 Rc6 33. Bd3 Rc5 34. Rh4 Rg5+ 35. Kf1 Nxf3 36. Ra4 a5 37. Ke2 Ne5 38. Be4 Nd7 39. Rd4 Nc5 40. Bc2 Re5+ 41. Kf3 Rd5 42. Rg4+ Kf7 43. b4 Nd3 44. Ke3 Ne5 45. Rh4 h5 46. f3 axb4 47. Rxb4 Rc5 48. Be4 Rc3+ 49. Kf4 Nd3+ 50. Bxd3 Rxd3 51. Rxb6 Rxa3 52. Rb7+ Kf6 53. Rh7 Ra4+ 54. Kg3 Kg5 55. Rg7+ Kf5 56. Rf7+ Ke5 57. f4+ Ke4 58. Rf6 Ra3+ 59. Kh4 Kf3 60. Rxe6 Kxf4 1-0

[Event "Kouty nad Desnou op-A"]
[Site "Kouty nad Desnou"]
[Date "2012.03.11"]
[Round "2"]
[White "Havlik, Jindrich"]
[Black "Krusina, Patrik"]
[Result "1-0"]
[WhiteElo "2141"]
[BlackElo "1826"]
[PlyCount "39"]
[EventDate "2012.03.10"]
[EventType "swiss"]
[EventRounds "9"]
[EventCountry "CZE"]
[SourceTitle "EXT 2013"]
[Source "ChessBase"]
[SourceDate "2012.11.22"]
[SourceVersion "1"]
[SourceVersionDate "2012.11.22"]
[SourceQuality "1"]

1. e4 d6 2. d4 g6 3. Nc3 Bg7 4. Be3 Nf6 5. Qd2 Ng4 6. Bg5 Nc6 7. h3 Nf6 8. d5 Ne5 9. Bh6 Bxh6 10. Qxh6 c6 11. f4 Ned7 12. 0-0-0 cxd5 13. exd5 Nc5 14. Re1 Qa5 15. Qg7 Nxd5 16. Qxh8+ Kd7 17. Nf3 Nxc3 18. Qxc3 Qxa2 19. b4 Ne6 20. Ng5 1-0

[Event "Kouty nad Desnou op-A"]
[Site "Kouty nad Desnou"]
[Date "2012.03.10"]
[Round "1"]
[White "Krusina, Patrik"]
[Black "Vanka, Miloslav"]
[Result "1-0"]
[WhiteElo "1826"]
[BlackElo "2119"]
[PlyCount "87"]
[EventDate "2012.03.10"]
[EventType "swiss"]
[EventRounds "9"]
[EventCountry "CZE"]
[SourceTitle "EXT 2013"]
[Source "ChessBase"]
[SourceDate "2012.11.22"]
[SourceVersion "1"]
[SourceVersionDate "2012.11.22"]
[SourceQuality "1"]

1. e4 c5 2. Nf3 e6 3. c3 d5 4. exd5 exd5 5. d4 c4 6. Bf4 Nc6 7. Nbd2 Nf6 8. b3 cxb3 9. Nxb3 Ne4 10. Qc2 Qf6 11. Bg3 Bf5 12. Bd3 Rc8 13. 0-0 Be7 14. Nbd2 Nxg3 15. fxg3 Bxd3 16. Qxd3 Qd6 17. c4 b6 18. Qf5 Qe6 19. Qxe6 fxe6 20. Rae1 Kd7 21. cxd5 exd5 22. Ne5+ Nxe5 23. Rxe5 Bf6 24. Rxd5+ Ke6 25. Rdf5 Rhd8 26. Nb3 Rd5 27. R5f4 a5 28. Re1+ Kd7 29. Kf1 a4 30. Nd2 Bxd4 31. Rf7+ Kc6 32. Nc4 Rc7 33. Re6+ Kb7 34. Ree7 Rf5+ 35. Rxf5 Rxe7 36. Rf4 Bc5 37. Nb2 b5 38. Nd3 Bd6 39. Rd4 Kc6 40. Nf4 Kc5 41. Rd5+ Kc6 42. Rd1 b4 43. Rd3 Re4 44. Nd5 1-0

[Event "Teplice op 5th"]
[Site "Teplice"]
[Date "2010.06.17"]
[Round "6"]
[White "Roesemann, Rainer"]
[Black "Krusina, Patrik"]
[Result "1-0"]
[WhiteElo "2251"]
[BlackElo "1769"]
[PlyCount "71"]
[EventDate "2010.06.12"]
[EventType "swiss"]
[EventRounds "9"]
[EventCountry "CZE"]
[SourceTitle "CBM 136 Extra"]
[Source "ChessBase"]
[SourceDate "2010.07.02"]
[SourceVersion "2"]
[SourceVersionDate "2010.07.15"]
[SourceQuality "1"]

1. c4 Nf6 2. Nc3 g6 3. g3 d5 4. cxd5 Nxd5 5. Bg2 Nb6 6. Nf3 Bg7 7. 0-0 Nc6 8. d3 0-0 9. Be3 Bd7 10. Qd2 Qc8 11. Rfc1 Rd8 12. Bh6 Bh8 13. Ne4 Bh3 14. Bh1 Nd4 15. Nxd4 Rxd4 16. Qc2 c6 17. Bd2 Rd8 18. Ng5 Nd5 19. Qb3 Be6 20. Bf3 Rb8 21. Rab1 Nc7 22. Qa4 Rd4 23. Qxa7 Ra8 24. Qc5 Bxa2 25. Bc3 Bxb1 26. Bxd4 Bxd4 27. Qxd4 Ba2 28. Qh4 h5 29. Ra1 Bd5 30. Rxa8 Qxa8 31. e4 Bb3 32. Qf4 Qa5 33. Kg2 f6 34. e5 fxg5 35. Qxg5 Kf7 36. e6+ 1-0

[Event "CZE Czechia-ch U16"]
[Site "Harrachov"]
[Date "2009.10.28"]
[Round "6"]
[White "Vlasak, Martin"]
[Black "Krusina, Patrik"]
[Result "1/2-1/2"]
[WhiteElo "1825"]
[BlackElo "1769"]
[PlyCount "62"]
[EventDate "2009.10.24"]
[EventType "swiss"]
[EventRounds "9"]
[EventCountry "CZE"]
[SourceTitle "EXT 2012"]
[Source "ChessBase"]
[SourceDate "2011.11.24"]
[SourceVersion "1"]
[SourceVersionDate "2011.11.24"]
[SourceQuality "1"]

1. e4 e6 2. d4 d5 3. Nd2 Nf6 4. e5 Nfd7 5. f4 c5 6. c3 Nc6 7. Ndf3 cxd4 8. cxd4 f6 9. g3 Qb6 10. b3 Bb4+ 11. Kf2 fxe5 12. fxe5 0-0 13. Kg2 Bc3 14. Ba3 Bxa1 15. Bxf8 Bxd4 16. Bd6 Bxe5 17. Nxe5 Ncxe5 18. Bxe5 Nxe5 19. Qh5 Ng6 20. Bd3 Nf8 21. Qe8 g6 22. Bb5 Qc7 23. Ne2 a6 24. Rc1 Qg7 25. Bxa6 bxa6 26. Rxc8 Rxc8 27. Qxc8 Qb2 28. Qxa6 d4 29. Kh3 Qd2 30. Qc4 Qh6+ 31. Kg2 Qd2 1/2-1/2